00858nam a22002777a 4500003000900000005001700009008003300026020001900059020000600078040002500084082002000109100000600129245009300135260003400228300003200262490001900294500002600313590002600339650002800365650004500393650003600438700003700474910004000511942001200551999001700563DO-SdBPM20250221081743.0161031b2008 ch a 00| 0 spa d a 9781407533186 a  aDO-SdBPMbspacBPMSU 4b H282p 20082221 a 10a¡Por favor! ¡Gracias! /cJillian Harker ; Colaborador(es): O'Neill, Rachael ilustrador aNew York :bParragón,c2008 a(27) p. : bil. ; c24 cm. 0 aBuenos Modales aLibro de pasta dura.  aInventariado, 2025/VM 4aLiteratura infantil 2  4aAmistad vCuentos de la vida cotidiana  4aLibros ilustrados para niños 1 aOneill, Rachael eilustraciones  aVMateo V. Control de calidad BPMSU  2ddccBK c14946d14946